000 00422 a2200169 4500
003 Nust
005 20230328124009.0
040 _cNust
082 _a891.439,AHM
100 _aAhmad,Ashfaq
_9677
245 _aQillah Kahani /
_cAshfaq Ahmed
260 _aLahore,
_bMavra Pub,
_c1990
300 _a176:p
538 _aAlmirah No.67, Shelf No.2
650 _aUrdu Literature-Novel
_91164
942 _2ddc
_cBK
_k891.439,AHM
999 _c186821
_d186821